=LDR 00000nam 2200000 4500 =001 INLIS000000000037477 =005 20130612143216 =008 ***********************************Ind** =035 ##$$0010-061300000037477 =041 ##$$a Ind =082 ##$$a 641.8 =090 ##$$a 641.8, che r =100 ##$$a Chendhawati =245 ##$$a Resep andalan by liem fancy cookies, Chendhawati; Editor, Intarina Hardiman =260 ##$$a 2008 $b Jakarta =300 ##$$a 57 hlm, Ilus, 23 cm =650 ##$$a Kue - Resep =700 ##$$a Hardiman, Intarina =850 ##$$a NBPNMAT